000 00535nam a2200181Ia 4500
008 090124s9999 xx 000 0 und d
082 _b5562
_a1142
100 _aपै. मा.अ.
245 _a वाड्मय लेखन व जीवित
250 _a1
260 _c1937
300 _a360+12
600 _aपै. मा.अ.
630 _a वाड्मय लेखन व जीवित
700 _aपै. मा.अ.
730 _a वाड्मय लेखन व जीवित
942 _cBOOK
999 _c119503
_d119503